01789nam a2200397Ia 4500001001200000003000800012006001900020007001500039008004100054020002500095020002200120040002100142035002100163050002400184100002800208245010900236260006700345300003000412500002000442500003200462533015200494650006700646650005300713650005900766651006100825651006800886651003100954651007000985651005901055651005201114651003601166655002901202710001701231856012601248999001701374ebr10318483CaPaEBRm u cr cn|||||||||061205r20072004mauab s 001 0 eng d z9780674024120 (pbk.) z0674024125 (pbk.) aCaPaEBRcCaPaEBR a(OCoLC)74454859514aE18.82b.P47 2007eb1 aPestana, Carla Gardina.14aThe English Atlantic in an age of revolution, 1640-1661h[electronic resource] /cCarla Gardina Pestana. aCambridge, Mass. ;aLondon :bHarvard University Press,c2007. axi, 342 p. :bill., maps. aIncludes index. aOriginally published: 2004. aElectronic reproduction.bPalo Alto, Calif. :cebrary,d2009.nAvailable via World Wide Web.nAccess may be limited to ebrary affiliated libraries. 0aPlantation lifezAtlantic Ocean RegionxHistoryy17th century. 0aPlantation lifezAmericaxHistoryy17th century. 0aBritishzAtlantic Ocean RegionxHistoryy17th century. 0aGreat BritainxColonieszAmericaxHistoryy17th century. 0aGreat BritainxColoniesxAdministrationxHistoryy17th century. 0aAmericaxHistoryyTo 1810. 0aGreat BritainxHistoryyPuritan Revolution, 1642-1660xInfluence. 0aGreat BritainxHistoryyPuritan Revolution, 1642-1660. 0aAtlantic Ocean RegionxPolitics and government. 0aAtlantic Ocean RegionxHistory. 7aElectronic books.2local2 aebrary, Inc.40uhttp://site.ebrary.com/lib/rucke/Doc?id=10318483zAn electronic book accessible through the World Wide Web; click to view c59801d59801